Nicaragua /

Uloženo v:
Podrobná bibliografie
Hlavní autor: Meiselas, Susan
Médium: Neznámo
Jazyk:Spanish
Vydáno: San José, Costa Rica : EDUCA, 1983.
Vydání:1. edición
Témata:
Tagy: Přidat tag
Žádné tagy, Buďte první, kdo vytvoří štítek k tomuto záznamu!

MARC

LEADER 000000000a22000000004500
001 002079
020 |a 9977300194 
041 0 |a spa 
082 0 4 |a 972.85   |b M478n 
100 1 |a Meiselas, Susan 
245 1 0 |a Nicaragua /   |c Susan Meiselas. 
250 |a 1. edición 
260 1 |a San José, Costa Rica :   |b EDUCA,   |c 1983. 
300 |a 71, [30| páginas :   |b color 
650 4 |a NICARAGUA 
650 4 |a HISTORIA CONTEMPORANEA 
650 4 |a REVOLUCION SANDINISTA 
650 4 |a SOMOZA, ANASTASIO 
999 |c 8680  |d 8680 
942 |c BK  |h 972.85 M478n  |2 z